Das österreichische Museum für Volkskunde ; Werden und Wesen eines Wiener Museums.
Saved in:
| Main Author: | |
|---|---|
| Format: | Book |
| Language: | German |
| Published: |
Wien,
Bergland Verlag
[1960]
|
| Series: | Österreich-Reihe ;
Bd. 98/100. |
| Subjects: | |
| Tags: |
Add Tag
No Tags, Be the first to tag this record!
|
| LEADER | 00684nam a2200217I 4500 | ||
|---|---|---|---|
| 001 | 005358024-9 | ||
| 005 | 20020606095253.2 | ||
| 008 | 811111s1960 au a 001 0 ger | ||
| 010 | |a 60024525 /L | ||
| 035 | 0 | |a ocm07928377 | |
| 040 | |a DLC |c NGU |d HFL | ||
| 050 | |a GN37.V65 |b S3 | ||
| 100 | 1 | |a Schmidt, Leopold, |d 1912-1981. | |
| 245 | 1 | 4 | |a Das österreichische Museum für Volkskunde ; |b Werden und Wesen eines Wiener Museums. |
| 260 | |a Wien, |b Bergland Verlag |c [1960] | ||
| 300 | |a 116 p. |b illus. |c 19 cm. | ||
| 490 | 1 | |a Österreich-Reihe ; |v Bd. 98/100 | |
| 610 | 2 | 0 | |a Österreichisches Museum für Volkskunde. |
| 830 | 0 | |a Österreich-Reihe ; |v Bd. 98/100. | |
| 988 | |a 20020608 | ||
| 906 | |0 DLC | ||


